000 00546nam a2200193Ia 4500
003 GCL
008 140319s9999 xx 000 0 ara d
040 _aGCL /
_cGCL
082 0 4 _a370.1934
_bل ث
100 1 _aليف غوردين
245 1 0 _aالثواب والعقاب فى تربية الاطفال /
_cليف غوردين
700 1 _aغسان نصر (مترجم)
300 _a165 ص
490 _a
650 0 4 _aعلم النفس
650 0 4 _aتربية الاطفال
650 0 4 _aالضبط التربوى
942 _2ddc
_cBK
999 _c44714
_d44714